| 000 | 00832nam a22002297a 4500 | ||
|---|---|---|---|
| 999 |
_c2999 _d2999 |
||
| 003 | AR-CdUCM | ||
| 008 | 190305b ||||| |||| 00| 0 spa d | ||
| 040 |
_aMUNICIPALIDAD PROVINCIAL DEL CUSCO _cBIBLIOTECA MUNICIPAL DEL CUSCO |
||
| 041 | _heng. | ||
| 082 |
_a868.5 / _bL82 |
||
| 100 |
_aLondon, Kurt _910232 |
||
| 245 | _aLa crisis permanente / | ||
| 260 |
_aMexico : _bEdit.Limusa-Willey, _c1964. |
||
| 300 |
_a342 paginas ; _c17 cm. |
||
| 505 | _aContenido :Nuestro horizonte político --Los negocios extranjeros en un mundo dividido --Los ingredientes de poder en la era nuclear --Economía de la guerra fría ... | ||
| 650 |
_aPolítica mundial _93360 |
||
| 650 |
_aGuerra mundial _91395 |
||
| 650 |
_aCiencias politicas _910233 |
||
| 700 |
_aEduerdo Escalona (traductor) _910234 |
||
| 942 |
_2ddc _cLIBROS |
||
| 945 | _arjall | ||